| 000 | 01016nam a22003137a 4500 | ||
|---|---|---|---|
| 001 | BR2016003539 | ||
| 003 | BR-BrBNA | ||
| 005 | 20230928104945.0 | ||
| 007 | ta | ||
| 008 | 230509b bl.||||| |||| 00| 0 por d | ||
| 040 |
_aBR-BrBNA _bpor _cBiblioteca Nacional de Agricultura |
||
| 041 | _a(Por) | ||
| 072 |
_aP01; L20 _b8810 _b8510 |
||
| 090 | _ 8810 BR2016003539 | ||
| 100 | 1 | _aCoutinho, M. | |
| 100 | 1 | _aCampos, Z. | |
| 110 | 1 |
_aEmpresa Brasileira de Pesquisa Agropecuária, Corumbá, MS (Brasil). Centro de Pesquisa Agropecuária do Pantanal _93936 |
|
| 245 | 1 |
_aEstudos experimentais para utilização sustentada de populações naturais de jacaré e capivara no pantanal _b2. Relatório Técnico |
|
| 260 | 3 |
_aCorumbá, MS (Brasil): _c1997. |
|
| 300 | _a44 p. | ||
| 500 | _a4 ref.; 7 illus.; 19 tables | ||
| 650 | _aCAPIVARA | ||
| 650 | _aJACARÉ | ||
| 650 | _aCONSERVAÇÃO | ||
| 650 | _aSOBREVIVÊNCIA | ||
| 650 | _aBIOLOGIA ANIMAL | ||
| 909 |
_a202309 _bLucia _c55 _dLucia Elande |
||
| 942 | _cBK | ||
| 999 |
_c82633 _d82633 |
||